| 000 | 00434nam a2200181Ia 4500 | ||
|---|---|---|---|
| 003 | OSt | ||
| 005 | 20230516134714.0 | ||
| 008 | 210210b1915 xxu||||| |||| 00| 0 eng d | ||
| 040 | _cAL | ||
| 041 | _aFrench | ||
| 082 | _a444/64 | ||
| 100 |
_aSAINTE (Beuve) _9105228 |
||
| 245 | _aFranklin et chesterfield | ||
| 260 |
_aCambridge _bAt the University Press _c1915 |
||
| 690 |
_aFrench _9105229 |
||
| 906 | _a006259 | ||
| 942 |
_2ddc _cBK |
||
| 999 |
_c129278 _d129278 |
||